Szachinszach / (Rekord nr 54913)
| 000 -ETYKIETA REKORDU | |
|---|---|
| podpole kontrolne o stałej długości | 02643nim a2200553 i 4500 |
| 001 - NUMER KONTROLNY REKORDU | |
| pole kontrolne | bg |
| 003 - IDENTYFIKATOR NUMERU KONTROLNEGO REKORDU | |
| podpole kontrolne | KOSZ 005 |
| 005 - DATA OSTATNIEJ MODYFIKACJI REKORDU | |
| podpole kontrolne | 20240405063205.0 |
| 006 - DANE KONTROLNE - DODATKOWA CHARAKTERYSTYKA DOKUMENTU | |
| podpole kontrolne o stałej długości | a||||g||||| |
| 007 - DANE KONTROLNE - FORMA FIZYCZNA DOKUMENTU | |
| podpole kontrolne o stałej długości | sd fsngnnmmned |
| 008 - POLE O STAŁEJ DŁUGOŚCI - DANE KONTROLNE | |
| podpole kontrolne o stałej długości | 090302s2008 pl nnn g h pol| |
| 020 ## - MIĘDZYNARODOWY ZNORMALIZOWANY NUMER KSIĄŻKI - ISBN | |
| ISBN | 9788375521252 |
| 020 ## - MIĘDZYNARODOWY ZNORMALIZOWANY NUMER KSIĄŻKI - ISBN | |
| ISBN | 9788375521276 |
| 040 ## - ŹRÓDŁO KATALOGOWANIA | |
| Instytucja, która sporządziła opis | WA N |
| Instytucja, która utworzyła rekord | KOSZ 005/HR |
| Instytucja, która dokonała modyfikacji | KOSZ 005/HR |
| 080 ## - UNIWERSALNA KLASYFIKACJA DZIESIĘTNA - UKD | |
| UKD | 94(55)"19" |
| 080 ## - UNIWERSALNA KLASYFIKACJA DZIESIĘTNA - UKD | |
| UKD | 929-052(55)"19" |
| 080 ## - UNIWERSALNA KLASYFIKACJA DZIESIĘTNA - UKD | |
| UKD | (047) |
| 080 ## - UNIWERSALNA KLASYFIKACJA DZIESIĘTNA - UKD | |
| UKD | (086.7) |
| 100 1# - NAZWA OSOBOWA | |
| Nazwa osobowa | Kapuściński, Ryszard |
| Daty związane z nazwą | (1932-2007) |
| Określenie rodzaju współpracy | Autor |
| 245 10 - TYTUŁ/ODPOWIEDZIALNOŚĆ | |
| Tytuł | Szachinszach / |
| Pozostałe elementy strefy tytułu i oznaczenia odpowiedzialności | Ryszard Kapuściński. |
| 246 13 - WARIANT TYTUŁU | |
| Tytuł | Jerzy Radziwiłowicz czyta "Szachinszacha" Ryszarda Kapuścińskiego. |
| 246 14 - WARIANT TYTUŁU | |
| Tytuł | Szachinszach. Postscriptum. |
| 260 ## - STREFA ADRESU WYDAWNICZEGO | |
| Miejsce wydania | Warszawa : |
| Nazwa wydawcy/dystrybutora | Agora, |
| Data publikacji, dystrybucji/powstania dokumentu | cop. 2008. |
| 300 ## - STREFA OPISU FIZYCZNEGO | |
| Objętość | 1 płyta (CD) : |
| Inne cechy fizyczne | digital, stereo. ; |
| Rozmiary | 12 cm + |
| Dokument towarzyszący | książka : 39, [1] s. : fot. ; 22 cm. |
| 490 1# - STREFA SERII I DOKUMENTU WIELOCZĘŚCIOWEGO - FORMA NIE DO WYSZUKIWANIA | |
| Tytuł i oznaczenie odpowiedzialności serii | Biblioteka Gazety Wyborczej |
| 490 1# - STREFA SERII I DOKUMENTU WIELOCZĘŚCIOWEGO - FORMA NIE DO WYSZUKIWANIA | |
| Tytuł i oznaczenie odpowiedzialności serii | Kolekcja wybranych dzieł Ryszarda Kapuścińskiego / pod red. Bożeny Dudko i Mariusza Szczygła ; |
| Numeracja w obrębie serii | t. 15. |
| 500 ## - UWAGI OGÓLNE | |
| Tekst uwagi | Tyt. odm.: Jerzy Radziwiłowicz czyta "Szachinszacha" Ryszarda Kapuścińskiego. |
| 500 ## - UWAGI OGÓLNE | |
| Tekst uwagi | Tyt. okł.: Szachinszach. Postscriptum. |
| 500 ## - UWAGI OGÓLNE | |
| Tekst uwagi | Nagr. wg adapt. Krystiana Nehrebeckiego. |
| 500 ## - UWAGI OGÓLNE | |
| Tekst uwagi | Dod. druk zawiera: artykuły "Jak Irańczycy przestali się bać" Christophera de Bellaigue, "Od szachinszacha do ajatollacha" Artura Orzecha, reportaż "Dziewczyny i chłopcy z Bulwaru Afryki" Mariusza Zawadzkiego, wypowiedź pod tyt. "Zamiast kolegi" z oficjalnego portalu Ryszarda Kapuścińskiego oraz 11 fotografii z kolekcji Magnum Photos/EK Pictures. |
| 508 ## - UWAGA DOTYCZĄCA OSÓB ZWIĄZANYCH Z DZIEŁEM | |
| Tekst uwagi | Reż. nagr. Piotr Bielawski, mastering Grzegorz Sikora. |
| 538 ## - WYMAGANIA TECHNICZNE | |
| Tekst uwagi | Nagranie w formacie mp3. |
| 600 14 - HASŁO PRZEDMIOTOWE W FORMIE NAZWY OSOBOWEJ | |
| Nazwa osobowa | Mohammed Reza Pahlavi |
| Dopowiedzenie | (szach Iranu ; |
| Daty związane z nazwą | 1919-1980) |
| 651 #4 - HASŁO PRZEDMIOTOWE W FORMIE NAZWY GEOGRAFICZNEJ | |
| Nazwa geograficzna | Iran |
| Określnik ogólny | polityka |
| Określnik chronologiczny | 1945-1989 r. |
| 655 #4 - TERMIN INDEKSOWY - OKREŚLENIE RODZAJU/FORMY DOKUMENTU | |
| Określenie rodzaju/formy dokumentu | Reportaż polski |
| Określnik chronologiczny | 1980-1989 r. |
| 648 #4 - HASŁO PRZEDMIOTOWE - TERMIN CHRONOLOGICZNY | |
| Termin chronologiczny | 1901-2000 |
| 648 #4 - HASŁO PRZEDMIOTOWE - TERMIN CHRONOLOGICZNY | |
| Termin chronologiczny | 1945-1989 |
| 655 #4 - TERMIN INDEKSOWY - OKREŚLENIE RODZAJU/FORMY DOKUMENTU | |
| Określenie rodzaju/formy dokumentu | Dokumenty dźwiękowe |
| 655 #4 - TERMIN INDEKSOWY - OKREŚLENIE RODZAJU/FORMY DOKUMENTU | |
| Określenie rodzaju/formy dokumentu | Książki mówione |
| 700 1# - HASŁO DODATKOWE - NAZWA OSOBOWA | |
| Nazwa osobowa | Nehrebecki, Krystian |
| Daty związane z nazwą | (1967- ). |
| Określenie związku między hasłem a opisywanym materiałem | Adapt. |
| 700 1# - HASŁO DODATKOWE - NAZWA OSOBOWA | |
| Nazwa osobowa | Radziwiłowicz, Jerzy |
| Daty związane z nazwą | (1950- ). |
| Określenie związku między hasłem a opisywanym materiałem | Lektor. |
| 710 2# - HASŁO DODATKOWE - NAZWA CIAŁA ZBIOROWEGO | |
| Nazwa ciała zbiorowego lub jednostki geograficznej | Agora |
| Określenie związku między hasłem a opisywanym materiałem | Wydawca |
| 700 1# - HASŁO DODATKOWE - NAZWA OSOBOWA | |
| Nazwa osobowa | Dudko, Bożena |
| Daty związane z nazwą | (1963- ) |
| Określenie związku między hasłem a opisywanym materiałem | Redakcja |
| 700 1# - HASŁO DODATKOWE - NAZWA OSOBOWA | |
| Nazwa osobowa | Szczygieł, Mariusz |
| Daty związane z nazwą | (1966- ) |
| Określenie związku między hasłem a opisywanym materiałem | Redakcja |
| 800 1# - HASŁO DODATKOWE OPISU DOKUMENTU WIELOCZĘŚCIOWEGO - NAZWA OSOBOWA | |
| Nazwa osobowa | Kapuściński, Ryszard |
| Daty związane z nazwą | (1932-2007). |
| Tytuł dzieła | Kolekcja wybranych dzieł Ryszarda Kapuścińskiego |
| Oznaczenie tomu | t. 15. |
| 856 ## - LOKALIZACJA I DOSTĘP DO ELEKTRONICZNYCH DOKUMENTÓW ZDALNYCH | |
| Link (URL) | http://koha.tu.koszalin.pl/cgi-bin/koha/opac-detail.pl?biblionumber=54913 |
| Tekst linku | Katalog online BPK |
| 830 #0 - HASŁO DODATKOWE SERII LUB DOKUMENTU WIELOCZĘŚCIOWEGO - TYTUŁ UJEDNOLICONY | |
| Tytuł ujednolicony | Biblioteka Gazety Wyborczej |
| 942 ## - DODATKOWE ELEMENTY (KOHA) | |
| Schemat klasyfikacji | Uniwersalna Klasyfikacja Dziesiętna |
| Typ dokumentu | Audiobook |
| Wycofany | Status | Uszkodzony | Dostępność | Lokalizacja stała | Lokalizacja bieżąca | Miejsce przechowywania | Cena | Sygnatura | Kod kreskowy | Typ dokumentu | Kolekcja |
|---|---|---|---|---|---|---|---|---|---|---|---|
| Dostępny | Biblioteka Politechniki Koszalińskiej | Biblioteka Politechniki Koszalińskiej | Wypożyczalnia BG | 18.00 | 87301 | 02410807 | Książka | ||||
| Dostępny | Biblioteka Politechniki Koszalińskiej | Biblioteka Politechniki Koszalińskiej | Wypożyczalnia BG | 0.00 | CD 1750 | 00326773 | Audiobook | Bibliotekarstwo |
